| 000 | 00345nam a2200145Ia 4500 | ||
|---|---|---|---|
| 008 | 230917s9999||||xx |||||||||||||| ||und|| | ||
| 040 |
_e114948 _aMAIN |
||
| 041 | _aEnglish | ||
| 082 | _a621 S64T | ||
| 100 | _aSingnal, Anil, Parkash Jai | ||
| 245 | 0 | _aEngeneereing Physics | |
| 260 |
_aRihtak _bIcon _c2006 |
||
| 300 | _a43p p. | ||
| 942 | _cBK | ||
| 999 |
_c141565 _d141565 |
||